000 00330nam a2200097Ia 4500
008 220120s9999||||xx |||||||||||||| ||und||
100 _aPrasad, Suchithra and Monisha
_912389
245 0 _aContext aware based mobile service for ubiquitous home
260 _aCoorg Institute of Technology
_bPonnampet
_c2012
650 _aCOMPUTER SCIENCE
999 _c137976
_d137976